Thinking tools for young readers and writers : strategies to promote higher literacy in grades 2-8 /

Perfect text for preparing teachers of reading and writing. Invaluable rich resource for practicing teachers and literacy coaches Using a rich array of research-based strategies, this book will help teachers in grades 2-8 to help the young readers and writers in their classrooms to think big by usin...

Full description

Bibliographic Details
Main Authors: Olson, Carol Booth (Author), Balius, Angie (Author), McCourtney, Emily (Author), Widtmann, Mary (Author)
Other Authors: Langer, Judith A. (writer of foreword.)
Format: Book
Language:English
Published: New York : Teachers College Press, [2018]
Subjects:

MARC

Tag First Indicator Second Indicator Subfields
LEADER 00000cam a2200000 i 4500
001 in00004025713
005 20180718090434.0
008 180308t20182018nyu b 001 0 eng c
010 |a  2017058711 
020 |a 9780807758946  |q (pbk. : alk. paper) 
020 |a 0807758949 
020 |z 9780807776834 (ebk.) 
035 |a (OCoLC)on1031441212 
040 |a DLC  |e rda  |c DLC  |d UtOrBLW 
049 |a TXAM 
050 0 0 |a LB1576  |b .O445 2018 
082 0 0 |a 372.6  |2 23 
100 1 |a Olson, Carol Booth,  |e author.  |0 http://id.loc.gov/authorities/names/n91046589 
245 1 0 |a Thinking tools for young readers and writers :  |b strategies to promote higher literacy in grades 2-8 /  |c Carol Booth Olson, Angie Balius, Emily McCourtney, & Mary Widtmann ; foreword by Judith Langer. 
264 1 |a New York :  |b Teachers College Press,  |c [2018] 
264 4 |c ©2018 
300 |a ix, 197 pages :  |b illustrations :  |c 26 cm. 
336 |a text  |b txt  |2 rdacontent 
337 |a unmediated  |b n  |2 rdamedia 
338 |a volume  |b nc  |2 rdacarrier 
504 |a Includes bibliographical references (pages 179-189) and index. 
505 0 |a Why take a cognitive strategies approach to helping young readers and writers to think big? -- Best practices in reading and writing instruction for students in grades 2-8 -- Reading and writing narrative texts -- Reading and writing informative/expository texts -- Reading and writing opinion, persuasive, interpretive, and argumentative texts. 
520 |a Perfect text for preparing teachers of reading and writing. Invaluable rich resource for practicing teachers and literacy coaches Using a rich array of research-based strategies, this book will help teachers in grades 2-8 to help the young readers and writers in their classrooms to think big by using a cognitive strategies approach to literacy instruction. It provides specific teaching strategies, activities and extended lessons to make visible for students the cognitive strategies, or thinking tools, experienced readers and writers use to construct meaning from and with texts. It also explores how cognitive strategies can be embedded into the teaching of narrative, informational and argumentative reading and writing. Showcasing the work of exemplary teachers, this book includes artifacts and written work produced by students across the grade levels. As an added bonus, QR codes interspersed throughout the book connect readers to student samples, color versions of the featured resources, anchor charts, videos, extended lesson plans and more. 
650 0 |a Language arts (Elementary)  |0 http://id.loc.gov/authorities/subjects/sh85074550 
650 0 |a Language arts (Middle school)  |0 http://id.loc.gov/authorities/subjects/sh97005442 
650 0 |a Literacy  |x Study and teaching (Elementary) 
650 0 |a Literacy  |x Study and teaching (Middle school) 
700 1 |a Balius, Angie,  |e author.  |0 http://id.loc.gov/authorities/names/no2018038757 
700 1 |a McCourtney, Emily,  |e author.  |0 http://id.loc.gov/authorities/names/no2018038679 
700 1 |a Widtmann, Mary,  |e author.  |0 http://id.loc.gov/authorities/names/no2018038688 
700 1 |a Langer, Judith A.,  |e writer of foreword.  |0 http://id.loc.gov/authorities/names/n81131484 
945 |b 577420 
947 |a A14850531071 
948 |a cataloged  |b h  |c 2018/5/31  |d c  |e dmitchel  |f 2:10:20 pm 
994 |a 92  |b TXA 
999 f f |s 3abf3350-882b-34e8-bb3e-c82814b72bf6  |i c3633b07-1557-3325-85de-b204daaed6f0  |t 0 
952 f f |p normal  |a Texas A&M University  |b College Station  |c Sterling C. Evans Library  |d Evans: Library Stacks  |t 0  |e LB1576 .O445 2018  |h Library of Congress classification  |i unmediated -- volume  |m A14850531071 
998 f f |a LB1576 .O445 2018  |t 0  |l Evans: Library Stacks